[Event "ODJM B 2025"]
[Site "Willingen GER"]
[Date "2025.06.09"]
[Round "3"]
[White "Jagodkin, Anton"]
[Black "Meller, Nils"]
[Result "1/2-1/2"]
[Termination "normal"]
[Board "63"]
[WhiteElo "1515"]
[BlackElo "1433"]
[WhiteClock "01:00:07"]
[BlackClock "00:20:34"]
[PlyCount "79"]
[WhiteFideId "34607307"]
[BlackFideId "34644962"]
[EventCountry "GER"]
[EventRounds "9"]
[EventType "swiss"]
[EventDate "2025.06.07"]

1. e4 {[%clk 01:30:59]} e5 {[%clk 01:30:51]} {[%emt 00:00:09]} 2. f4 {[%clk
01:31:22]} {[%emt 00:00:07]} d5 {[%clk 01:30:43]} {[%emt 00:00:38]} 3. exd5
{[%clk 01:31:19]} {[%emt 00:00:33]} exf4 {[%clk 01:30:31]} {[%emt 00:00:40]} 4.
Nf3 {[%clk 01:31:36]} {[%emt 00:00:15]} Nf6 {[%clk 01:29:26]} {[%emt 00:01:35]}
5. Bc4 {[%clk 01:29:40]} {[%emt 00:02:26]} Bd6 {[%clk 01:27:13]} {[%emt
00:02:42]} 6. O-O {[%clk 01:29:02]} {[%emt 00:01:09]} O-O {[%clk 01:25:20]}
{[%emt 00:02:23]} 7. Nc3 {[%clk 01:28:12]} {[%emt 00:01:20]} Bg4 {[%clk
01:22:08]} {[%emt 00:03:40]} 8. h3 {[%clk 01:27:57]} {[%emt 00:00:46]} Bh5
{[%clk 01:19:43]} {[%emt 00:02:55]} 9. d4 {[%clk 01:26:38]} {[%emt 00:01:50]}
Nbd7 {[%clk 01:16:42]} {[%emt 00:03:30]} 10. Nb5 {[%clk 01:24:24]} {[%emt
00:02:44]} Nb6 {[%clk 01:14:17]} {[%emt 00:02:55]} 11. Nxd6 {[%clk 01:21:11]}
{[%emt 00:03:44]} Qxd6 {[%clk 01:13:57]} {[%emt 00:00:48]} 12. Qd3 {[%clk
01:20:53]} {[%emt 00:00:50]} Nxc4 {[%clk 01:10:20]} {[%emt 00:04:05]} 13. Qxc4
{[%clk 01:20:39]} {[%emt 00:00:46]} Nxd5 {[%clk 01:08:56]} {[%emt 00:01:54]}
14. Qb3 {[%clk 01:20:02]} {[%emt 00:01:08]} Nb6 {[%clk 01:02:56]} {[%emt
00:06:29]} 15. c4 {[%clk 01:17:32]} {[%emt 00:03:01]} Bxf3 {[%clk 01:00:23]}
{[%emt 00:03:03]} 16. Qxf3 {[%clk 01:17:13]} {[%emt 00:00:50]} Qxd4+ {[%clk
00:58:41]} {[%emt 00:02:10]} 17. Kh1 {[%clk 01:17:35]} {[%emt 00:00:08]} Qxc4
{[%clk 00:58:53]} {[%emt 00:00:19]} 18. Bxf4 {[%clk 01:17:43]} {[%emt
00:00:22]} c6 {[%clk 00:56:36]} {[%emt 00:02:47]} 19. b3 {[%clk 01:15:11]}
{[%emt 00:03:02]} Qd5 {[%clk 00:54:08]} {[%emt 00:02:54]} 20. Qf2 {[%clk
01:15:06]} {[%emt 00:00:39]} Rfe8 {[%clk 00:50:07]} {[%emt 00:04:29]} 21. Rad1
{[%clk 01:14:59]} {[%emt 00:00:39]} Qe6 {[%clk 00:45:16]} {[%emt 00:05:16]} 22.
Qg3 {[%clk 01:09:39]} {[%emt 00:05:55]} Nd5 {[%clk 00:42:51]} {[%emt 00:02:55]}
23. Rde1 {[%clk 01:09:42]} {[%emt 00:00:27]} Qg6 {[%clk 00:38:05]} {[%emt
00:05:14]} 24. Qf2 {[%clk 01:09:22]} {[%emt 00:00:51]} Rxe1 {[%clk 00:35:09]}
{[%emt 00:03:27]} 25. Rxe1 {[%clk 01:08:21]} {[%emt 00:01:31]} Qf6 {[%clk
00:34:56]} {[%emt 00:00:37]} 26. Qxa7 {[%clk 01:02:12]} {[%emt 00:06:45]} Qd8
{[%clk 00:31:50]} {[%emt 00:03:27]} 27. Qf2 {[%clk 01:01:12]} {[%emt 00:01:39]}
Nxf4 {[%clk 00:31:11]} {[%emt 00:01:09]} 28. Qxf4 {[%clk 01:01:38]} {[%emt
00:00:04]} Rxa2 {[%clk 00:31:06]} {[%emt 00:00:35]} 29. Qc7 {[%clk 01:01:09]}
{[%emt 00:01:00]} Rd2 {[%clk 00:24:38]} {[%emt 00:06:54]} 30. Qxb7 {[%clk
01:00:41]} {[%emt 00:01:03]} Rd1 {[%clk 00:22:57]} {[%emt 00:02:10]} 31. Rxd1
{[%clk 01:00:59]} {[%emt 00:00:14]} Qxd1+ {[%clk 00:23:17]} {[%emt 00:00:09]}
32. Kh2 {[%clk 01:01:25]} {[%emt 00:00:05]} Qd6+ {[%clk 00:22:31]} {[%emt
00:01:13]} 33. Kg1 {[%clk 01:01:38]} {[%emt 00:00:16]} g6 {[%clk 00:22:23]}
{[%emt 00:00:40]} 34. Qa8+ {[%clk 01:01:46]} {[%emt 00:00:23]} Kg7 {[%clk
00:22:25]} {[%emt 00:00:19]} 35. Qa1+ {[%clk 01:01:52]} {[%emt 00:00:32]} Qf6
{[%clk 00:22:32]} {[%emt 00:00:16]} 36. Qd1 {[%clk 01:01:59]} {[%emt 00:00:31]}
c5 {[%clk 00:22:03]} {[%emt 00:00:54]} 37. Kh1 {[%clk 01:02:24]} {[%emt
00:00:09]} Qe6 {[%clk 00:22:01]} {[%emt 00:00:23]} 38. Qa1+ {[%clk 01:01:22]}
{[%emt 00:01:41]} Qf6 {[%clk 00:20:49]} {[%emt 00:01:41]} 39. Qc1 {[%clk
01:01:10]} {[%emt 00:00:41]} Qe6 {[%clk 00:20:34]} {[%emt 00:00:45]} 40. Qa1+
{[%clk 01:00:07]} {[%emt 00:01:35]} 1/2-1/2

[Event "ODJM B 2025"]
[Site "Willingen GER"]
[Date "2025.06.09"]
[Round "3"]
[White "Prigandt, Junis"]
[Black "Rose, Elias Bernd"]
[Result "1/2-1/2"]
[Termination "normal"]
[Board "65"]
[WhiteElo "1539"]
[BlackElo "1609"]
[WhiteClock "00:13:35"]
[BlackClock "00:19:06"]
[PlyCount "57"]
[WhiteFideId "34631712"]
[BlackFideId "34665730"]
[EventCountry "GER"]
[EventRounds "9"]
[EventType "swiss"]
[EventDate "2025.06.07"]

1. c4 {[%clk 01:30:58]} {[%emt 00:00:02]} Nf6 {[%clk 01:30:53]} {[%emt
00:00:07]} 2. g3 {[%clk 01:31:07]} {[%emt 00:00:21]} g6 {[%clk 01:31:09]}
{[%emt 00:00:14]} 3. Bg2 {[%clk 01:31:20]} {[%emt 00:00:17]} Bg7 {[%clk
01:31:29]} {[%emt 00:00:10]} 4. Nf3 {[%clk 01:31:05]} {[%emt 00:00:45]} d6
{[%clk 01:31:13]} {[%emt 00:00:47]} 5. d4 {[%clk 01:29:32]} {[%emt 00:02:02]}
O-O {[%clk 01:31:27]} {[%emt 00:00:17]} 6. O-O {[%clk 01:29:40]} {[%emt
00:00:22]} c6 {[%clk 01:29:19]} {[%emt 00:02:38]} 7. Nc3 {[%clk 01:29:14]}
{[%emt 00:00:55]} Bf5 {[%clk 01:29:27]} {[%emt 00:00:21]} 8. Bf4 {[%clk
01:28:32]} {[%emt 00:01:12]} Ne4 {[%clk 01:28:19]} {[%emt 00:01:39]} 9. Nxe4
{[%clk 01:25:11]} {[%emt 00:03:51]} Bxe4 {[%clk 01:28:40]} {[%emt 00:00:09]}
10. Qd2 {[%clk 01:23:40]} {[%emt 00:02:00]} Nd7 {[%clk 01:24:30]} {[%emt
00:04:40]} 11. Rad1 {[%clk 01:18:23]} {[%emt 00:05:46]} Nf6 {[%clk 01:13:23]}
{[%emt 00:11:38]} 12. Ng5 {[%clk 01:13:39]} {[%emt 00:05:14]} Bxg2 {[%clk
01:13:35]} {[%emt 00:00:18]} 13. Kxg2 {[%clk 01:13:59]} {[%emt 00:00:10]} Qd7
{[%clk 01:06:12]} {[%emt 00:07:54]} 14. Rfe1 {[%clk 01:06:22]} {[%emt
00:08:07]} d5 {[%clk 01:00:43]} {[%emt 00:05:59]} 15. b3 {[%clk 00:55:48]}
{[%emt 00:11:04]} Rac8 {[%clk 00:55:42]} {[%emt 00:05:30]} 16. Qd3 {[%clk
00:47:48]} {[%emt 00:08:31]} Rfd8 {[%clk 00:51:52]} {[%emt 00:04:20]} 17. Nf3
{[%clk 00:44:49]} {[%emt 00:03:28]} Ne4 {[%clk 00:42:54]} {[%emt 00:09:28]} 18.
Ne5 {[%clk 00:37:34]} {[%emt 00:07:45]} Qf5 {[%clk 00:37:10]} {[%emt 00:06:14]}
19. f3 {[%clk 00:30:46]} {[%emt 00:07:17]} Nd6 {[%clk 00:36:28]} {[%emt
00:01:12]} 20. e4 {[%clk 00:28:21]} {[%emt 00:02:55]} dxe4 {[%clk 00:30:38]}
{[%emt 00:06:20]} 21. fxe4 {[%clk 00:27:26]} {[%emt 00:01:25]} Qe6 {[%clk
00:30:21]} {[%emt 00:00:48]} 22. d5 {[%clk 00:23:43]} {[%emt 00:04:12]} cxd5
{[%clk 00:29:04]} {[%emt 00:01:48]} 23. exd5 {[%clk 00:21:24]} {[%emt
00:02:49]} Qf5 {[%clk 00:29:11]} {[%emt 00:00:23]} 24. Qxf5 {[%clk 00:18:44]}
{[%emt 00:03:10]} Nxf5 {[%clk 00:29:32]} {[%emt 00:00:09]} 25. g4 {[%clk
00:17:36]} {[%emt 00:01:38]} Nd6 {[%clk 00:28:48]} {[%emt 00:01:14]} 26. Nd3
{[%clk 00:15:21]} {[%emt 00:02:45]} Rd7 {[%clk 00:26:42]} {[%emt 00:02:36]} 27.
Re2 {[%clk 00:14:37]} {[%emt 00:01:14]} a5 {[%clk 00:21:07]} {[%emt 00:06:05]}
28. Rde1 {[%clk 00:13:35]} {[%emt 00:01:32]} Kf8 {[%clk 00:19:06]} {[%emt
00:02:31]} 29. Kf3 {[%emt 00:02:51]} 1/2-1/2

[Event "ODJM B 2025"]
[Site "Willingen GER"]
[Date "2025.06.09"]
[Round "3"]
[White "Schille, Marlene"]
[Black "Kulgemeyer, Justus"]
[Result "1-0"]
[Termination "normal"]
[Board "66"]
[WhiteElo "1461"]
[BlackElo "1557"]
[WhiteClock "00:04:11"]
[BlackClock "00:39:18"]
[PlyCount "119"]
[WhiteFideId "533000670"]
[BlackFideId "34623671"]
[EventCountry "GER"]
[EventRounds "9"]
[EventType "swiss"]
[EventDate "2025.06.07"]

1. e4 {[%clk 01:30:57]} {[%emt 00:00:02]} c5 {[%clk 01:30:55]} {[%emt
00:00:06]} 2. Nf3 {[%clk 01:31:19]} {[%emt 00:00:07]} e6 {[%clk 01:31:20]}
{[%emt 00:00:06]} 3. d4 {[%clk 01:31:39]} {[%emt 00:00:10]} cxd4 {[%clk
01:31:45]} {[%emt 00:00:06]} 4. Nxd4 {[%clk 01:32:04]} {[%emt 00:00:05]} Nc6
{[%clk 01:32:04]} {[%emt 00:00:10]} 5. Nb5 {[%clk 01:32:10]} {[%emt 00:00:23]}
d5 {[%clk 01:31:35]} {[%emt 00:01:00]} 6. exd5 {[%clk 01:30:27]} {[%emt
00:02:13]} exd5 {[%clk 01:30:48]} {[%emt 00:01:17]} 7. Bf4 {[%clk 01:29:29]}
{[%emt 00:01:28]} Qe7+ {[%clk 01:30:35]} {[%emt 00:00:43]} 8. Qe2 {[%clk
01:24:47]} {[%emt 00:05:11]} Qxe2+ {[%clk 01:29:59]} {[%emt 00:01:06]} 9. Bxe2
{[%clk 01:24:57]} {[%emt 00:00:20]} Bb4+ {[%clk 01:23:05]} {[%emt 00:07:23]}
10. c3 {[%clk 01:23:18]} {[%emt 00:02:09]} Ba5 {[%clk 01:22:43]} {[%emt
00:00:52]} 11. O-O {[%clk 01:22:24]} {[%emt 00:01:23]} a6 {[%clk 01:22:47]}
{[%emt 00:00:27]} 12. Nd6+ {[%clk 01:20:25]} {[%emt 00:02:29]} Kf8 {[%clk
01:22:06]} {[%emt 00:01:12]} 13. Re1 {[%clk 01:15:42]} {[%emt 00:05:12]} Nge7
{[%clk 01:18:58]} {[%emt 00:03:38]} 14. Bf3 {[%clk 01:11:39]} {[%emt 00:04:34]}
Nd4 {[%clk 01:15:16]} {[%emt 00:04:11]} 15. Na3 {[%clk 00:56:48]} {[%emt
00:15:23]} Nxf3+ {[%clk 01:14:19]} {[%emt 00:01:26]} 16. gxf3 {[%clk 00:56:44]}
{[%emt 00:00:33]} Bc7 {[%clk 01:13:52]} {[%emt 00:00:57]} 17. Re2 {[%clk
00:51:56]} {[%emt 00:05:18]} Be6 {[%clk 01:12:07]} {[%emt 00:02:15]} 18. Bg3
{[%clk 00:47:29]} {[%emt 00:04:57]} Bxd6 {[%clk 01:11:31]} {[%emt 00:01:06]}
19. Bxd6 {[%clk 00:47:11]} {[%emt 00:00:47]} Rd8 {[%clk 01:09:58]} {[%emt
00:02:03]} 20. Bc5 {[%clk 00:46:30]} {[%emt 00:01:10]} Rd7 {[%clk 01:07:25]}
{[%emt 00:03:06]} 21. Rae1 {[%clk 00:45:38]} {[%emt 00:01:21]} Kg8 {[%clk
01:05:39]} {[%emt 00:02:16]} 22. Nc2 {[%clk 00:44:22]} {[%emt 00:01:47]} Nf5
{[%clk 01:05:11]} {[%emt 00:00:58]} 23. Nd4 {[%clk 00:42:48]} {[%emt 00:02:03]}
Nxd4 {[%clk 01:05:11]} {[%emt 00:00:30]} 24. Bxd4 {[%clk 00:42:55]} {[%emt
00:00:23]} h6 {[%clk 01:04:32]} {[%emt 00:01:09]} 25. Kh1 {[%clk 00:40:37]}
{[%emt 00:02:48]} Kh7 {[%clk 01:04:32]} {[%emt 00:00:31]} 26. Rg1 {[%clk
00:39:58]} {[%emt 00:01:09]} Rg8 {[%clk 01:04:48]} {[%emt 00:00:14]} 27. Re5
{[%clk 00:38:38]} {[%emt 00:01:48]} Bh3 {[%clk 01:00:45]} {[%emt 00:04:34]} 28.
f4 {[%clk 00:32:36]} {[%emt 00:06:31]} g6 {[%clk 00:59:54]} {[%emt 00:01:21]}
29. Re3 {[%clk 00:29:44]} {[%emt 00:03:22]} Bf5 {[%clk 01:00:02]} {[%emt
00:00:22]} 30. Rge1 {[%clk 00:25:50]} {[%emt 00:04:22]} b5 {[%clk 00:57:59]}
{[%emt 00:02:36]} 31. f3 {[%clk 00:24:55]} {[%emt 00:01:25]} Be6 {[%clk
00:57:42]} {[%emt 00:00:47]} 32. h4 {[%clk 00:21:39]} {[%emt 00:03:46]} h5
{[%clk 00:57:58]} {[%emt 00:00:14]} 33. b3 {[%clk 00:20:33]} {[%emt 00:01:36]}
Rc8 {[%clk 00:54:25]} {[%emt 00:04:03]} 34. Rb1 {[%clk 00:16:09]} {[%emt
00:04:53]} Bf5 {[%clk 00:52:42]} {[%emt 00:02:14]} 35. Rbe1 {[%clk 00:15:54]}
{[%emt 00:00:45]} Be6 {[%clk 00:52:44]} {[%emt 00:00:28]} 36. R1e2 {[%clk
00:16:11]} {[%emt 00:00:13]} Rdd8 {[%clk 00:51:55]} {[%emt 00:01:19]} 37. Rb2
{[%clk 00:15:39]} {[%emt 00:01:01]} Re8 {[%clk 00:51:38]} {[%emt 00:00:47]} 38.
Re5 {[%clk 00:13:28]} {[%emt 00:02:41]} f6 {[%clk 00:51:15]} {[%emt 00:00:52]}
39. Ree2 {[%clk 00:12:15]} {[%emt 00:01:38]} Kg7 {[%clk 00:51:25]} {[%emt
00:00:24]} 40. a4 {[%clk 00:11:27]} {[%emt 00:01:18]} Bd7 {[%clk 00:49:38]}
{[%emt 00:02:17]} 41. Rxe8 {[%clk 00:10:04]} {[%emt 00:01:53]} Rxe8 {[%clk
00:49:35]} {[%emt 00:00:33]} 42. axb5 {[%clk 00:09:50]} {[%emt 00:00:44]} axb5
{[%clk 00:49:39]} {[%emt 00:00:26]} 43. Ra2 {[%clk 00:09:51]} {[%emt 00:00:29]}
Kf7 {[%clk 00:47:31]} {[%emt 00:02:37]} 44. Ra7 {[%clk 00:09:01]} {[%emt
00:01:21]} Re7 {[%clk 00:45:26]} {[%emt 00:02:35]} 45. Bc5 {[%clk 00:05:52]}
{[%emt 00:03:38]} Re1+ {[%clk 00:45:42]} {[%emt 00:00:14]} 46. Kg2 {[%clk
00:06:13]} {[%emt 00:00:08]} Ke6 {[%clk 00:45:54]} {[%emt 00:00:19]} 47. Ra6+
{[%clk 00:06:20]} {[%emt 00:00:24]} Kf7 {[%clk 00:45:43]} {[%emt 00:00:41]} 48.
Rd6 {[%clk 00:04:50]} {[%emt 00:01:59]} Be6 {[%clk 00:44:59]} {[%emt 00:01:14]}
49. Rb6 {[%clk 00:04:28]} {[%emt 00:00:53]} Bd7 {[%clk 00:44:57]} {[%emt
00:00:32]} 50. Bd4 {[%clk 00:04:07]} {[%emt 00:00:50]} Re6 {[%clk 00:43:49]}
{[%emt 00:01:38]} 51. Rb7 {[%clk 00:03:40]} {[%emt 00:00:58]} Ke8 {[%clk
00:43:48]} {[%emt 00:00:30]} 52. Rb8+ {[%clk 00:03:30]} {[%emt 00:00:40]} Kf7
{[%clk 00:43:36]} {[%emt 00:00:42]} 53. Bc5 {[%clk 00:03:04]} {[%emt 00:00:56]}
Re8 {[%clk 00:43:41]} {[%emt 00:00:24]} 54. Rb7 {[%clk 00:03:05]} {[%emt
00:00:30]} Ke6 {[%clk 00:43:52]} {[%emt 00:00:19]} 55. Bd4 {[%clk 00:03:01]}
{[%emt 00:00:34]} Re7 {[%clk 00:43:26]} {[%emt 00:00:56]} 56. Rb6+ {[%clk
00:03:21]} {[%emt 00:00:11]} Kf7 {[%emt 00:01:51]} 57. Rxf6+ {[%clk 00:03:43]}
{[%emt 00:00:04]} Kg7 {[%clk 00:41:39]} {[%emt 00:01:00]} 58. Rd6+ {[%clk
00:03:40]} {[%emt 00:00:31]} Kf7 {[%clk 00:39:18]} 59. Rxd5 {[%clk 00:04:11]}
Ke6 {[%clk 00:39:18]} 60. Re5+ {[%clk 00:04:11]} {[%emt 00:01:48]} 1-0

[Event "ODJM B 2025"]
[Site "Willingen GER"]
[Date "2025.06.09"]
[Round "3"]
[White "Zielke, Marek"]
[Black "Menke, Xaver Louis"]
[Result "1/2-1/2"]
[Termination "normal"]
[Board "67"]
[WhiteElo "1572"]
[BlackElo "1631"]
[WhiteClock "00:12:15"]
[BlackClock "01:07:04"]
[PlyCount "94"]
[WhiteFideId "34661808"]
[BlackFideId "34663134"]
[EventCountry "GER"]
[EventRounds "9"]
[EventType "swiss"]
[EventDate "2025.06.07"]

1. e4 {[%clk 01:30:57]} {[%emt 00:00:02]} e5 {[%clk 01:30:49]} {[%emt
00:00:11]} 2. Nc3 {[%clk 01:31:23]} {[%emt 00:00:05]} Nf6 {[%clk 01:30:38]}
{[%emt 00:00:41]} 3. f4 {[%clk 01:31:47]} {[%emt 00:00:06]} d6 {[%clk
01:30:00]} {[%emt 00:01:08]} 4. Nf3 {[%clk 01:31:57]} {[%emt 00:00:20]} Nc6
{[%clk 01:29:37]} {[%emt 00:00:54]} 5. Bb5 {[%clk 01:31:22]} {[%emt 00:01:04]}
Bg4 {[%clk 01:28:52]} {[%emt 00:01:14]} 6. d3 {[%clk 01:30:58]} {[%emt
00:00:55]} a6 {[%clk 01:28:31]} {[%emt 00:00:51]} 7. Ba4 {[%clk 01:29:41]}
{[%emt 00:01:46]} Be7 {[%clk 01:27:10]} {[%emt 00:01:51]} 8. h3 {[%clk
01:29:37]} {[%emt 00:00:33]} Bd7 {[%clk 01:26:41]} {[%emt 00:01:00]} 9. Bxc6
{[%clk 01:28:55]} {[%emt 00:01:12]} Bxc6 {[%clk 01:26:56]} {[%emt 00:00:15]}
10. fxe5 {[%clk 01:29:11]} {[%emt 00:00:14]} dxe5 {[%clk 01:27:18]} {[%emt
00:00:08]} 11. Nxe5 {[%clk 01:29:30]} {[%emt 00:00:11]} Bc5 {[%clk 01:26:23]}
{[%emt 00:01:25]} 12. Nxc6 {[%clk 01:28:59]} {[%emt 00:01:00]} bxc6 {[%clk
01:26:43]} {[%emt 00:00:10]} 13. Bg5 {[%clk 01:28:21]} {[%emt 00:01:07]} Qd4
{[%clk 01:25:45]} {[%emt 00:01:28]} 14. Qf3 {[%clk 01:24:42]} {[%emt 00:04:09]}
Rb8 {[%clk 01:25:16]} {[%emt 00:01:00]} 15. Nd1 {[%clk 01:19:56]} {[%emt
00:05:16]} Qe5 {[%clk 01:21:38]} {[%emt 00:04:05]} 16. Bxf6 {[%clk 01:18:11]}
{[%emt 00:02:19]} gxf6 {[%clk 01:20:35]} {[%emt 00:01:32]} 17. c3 {[%clk
01:13:54]} {[%emt 00:04:47]} Ba7 {[%clk 01:19:34]} {[%emt 00:01:31]} 18. d4
{[%clk 01:12:47]} {[%emt 00:01:37]} Qe6 {[%clk 01:18:11]} {[%emt 00:01:52]} 19.
Rf1 {[%clk 01:11:30]} {[%emt 00:01:46]} Rg8 {[%clk 01:18:07]} {[%emt 00:00:35]}
20. g4 {[%clk 01:07:47]} {[%emt 00:04:14]} Rg6 {[%clk 01:17:59]} {[%emt
00:00:37]} 21. b3 {[%clk 00:54:23]} {[%emt 00:13:54]} Qd6 {[%clk 01:15:16]}
{[%emt 00:03:12]} 22. Qf4 {[%clk 00:51:46]} {[%emt 00:03:07]} Qxf4 {[%clk
01:15:05]} {[%emt 00:00:42]} 23. Rxf4 {[%clk 00:52:09]} {[%emt 00:00:07]} Rh6
{[%clk 01:15:14]} {[%emt 00:00:21]} 24. Nf2 {[%clk 00:51:30]} {[%emt 00:01:08]}
c5 {[%clk 01:15:06]} {[%emt 00:00:39]} 25. d5 {[%clk 00:51:37]} {[%emt
00:00:23]} c4 {[%clk 01:14:06]} {[%emt 00:01:30]} 26. bxc4 {[%clk 00:42:45]}
{[%emt 00:09:22]} Bxf2+ {[%clk 01:14:22]} {[%emt 00:00:15]} 27. Rxf2 {[%clk
00:43:06]} {[%emt 00:00:09]} Rxh3 {[%clk 01:14:37]} {[%emt 00:00:15]} 28. Rxf6
{[%clk 00:43:23]} {[%emt 00:00:14]} Ke7 {[%clk 01:14:06]} {[%emt 00:01:01]} 29.
Rf2 {[%clk 00:37:40]} {[%emt 00:06:13]} Rxc3 {[%clk 01:11:34]} {[%emt
00:03:02]} 30. Kd2 {[%clk 00:35:16]} {[%emt 00:02:54]} Rxc4 {[%clk 01:11:40]}
{[%emt 00:00:24]} 31. Kd3 {[%clk 00:35:25]} {[%emt 00:00:20]} Ra4 {[%clk
01:11:19]} {[%emt 00:00:51]} 32. Raf1 {[%clk 00:35:22]} {[%emt 00:00:31]} Ra3+
{[%clk 01:10:24]} {[%emt 00:01:29]} 33. Kc4 {[%clk 00:33:53]} {[%emt 00:01:59]}
Ra4+ {[%clk 01:10:30]} {[%emt 00:00:24]} 34. Kd3 {[%clk 00:29:42]} {[%emt
00:04:40]} Ra3+ {[%clk 01:10:13]} {[%emt 00:00:47]} 35. Kd4 {[%clk 00:28:20]}
{[%emt 00:01:51]} Ra4+ {[%clk 01:09:09]} {[%emt 00:01:34]} 36. Ke3 {[%clk
00:27:08]} {[%emt 00:01:40]} Ra3+ {[%clk 01:08:42]} {[%emt 00:01:00]} 37. Kf4
{[%clk 00:26:52]} {[%emt 00:00:45]} f6 {[%clk 01:07:32]} {[%emt 00:01:40]} 38.
Rh1 {[%clk 00:24:31]} {[%emt 00:02:50]} Rh8 {[%clk 01:07:23]} {[%emt 00:00:40]}
39. Rfh2 {[%clk 00:23:49]} {[%emt 00:01:12]} h6 {[%clk 01:06:59]} {[%emt
00:00:54]} 40. e5 {[%clk 00:20:02]} {[%emt 00:04:17]} fxe5+ {[%clk 01:06:40]}
{[%emt 00:00:49]} 41. Kxe5 {[%clk 00:20:18]} {[%emt 00:00:14]} Re3+ {[%clk
01:06:45]} {[%emt 00:00:25]} 42. Kf4 {[%clk 00:17:17]} {[%emt 00:03:32]} Ra3
{[%clk 01:06:30]} {[%emt 00:00:44]} 43. Ke4 {[%clk 00:16:43]} {[%emt 00:01:04]}
Ra4+ {[%clk 01:06:36]} {[%emt 00:00:25]} 44. Ke5 {[%clk 00:16:50]} {[%emt
00:00:23]} Rxg4 {[%clk 01:06:43]} {[%emt 00:00:22]} 45. Rxh6 {[%clk 00:12:50]}
{[%emt 00:04:30]} Rxh6 {[%clk 01:06:38]} {[%emt 00:00:35]} 46. Rxh6 {[%clk
00:13:16]} {[%emt 00:00:04]} Ra4 {[%clk 01:06:45]} {[%emt 00:00:22]} 47. Rh7+
{[%clk 00:12:15]} {[%emt 00:01:31]} Kd8 {[%clk 01:07:04]} {[%emt 00:00:12]}
1/2-1/2

[Event "ODJM B 2025"]
[Site "Willingen GER"]
[Date "2025.06.09"]
[Round "3"]
[White "Grunert, Greta"]
[Black "Jüngling, Leonard"]
[Result "1-0"]
[Termination "normal"]
[Board "68"]
[WhiteElo "1558"]
[BlackElo "1522"]
[WhiteClock "00:24:27"]
[BlackClock "00:23:04"]
[PlyCount "59"]
[WhiteFideId "16258649"]
[BlackFideId "34669116"]
[EventCountry "GER"]
[EventRounds "9"]
[EventType "swiss"]
[EventDate "2025.06.07"]

1. e4 {[%clk 01:30:59]} e5 {[%clk 01:30:58]} {[%emt 00:00:02]} 2. Nf3 {[%clk
01:31:23]} {[%emt 00:00:05]} Nc6 {[%clk 01:31:26]} {[%emt 00:00:03]} 3. Nc3
{[%clk 01:31:44]} {[%emt 00:00:08]} Nf6 {[%clk 01:31:52]} {[%emt 00:00:04]} 4.
d4 {[%clk 01:32:04]} {[%emt 00:00:10]} exd4 {[%clk 01:32:16]} {[%emt 00:00:07]}
5. Nxd4 {[%clk 01:32:23]} {[%emt 00:00:09]} Bb4 {[%clk 01:31:54]} {[%emt
00:00:53]} 6. Nxc6 {[%clk 01:32:33]} {[%emt 00:00:20]} dxc6 {[%clk 01:32:20]}
{[%emt 00:00:04]} 7. Qxd8+ {[%clk 01:32:38]} {[%emt 00:00:25]} Kxd8 {[%clk
01:32:46]} {[%emt 00:00:05]} 8. Bg5 {[%clk 01:31:52]} {[%emt 00:01:15]} Be7
{[%clk 01:27:17]} {[%emt 00:05:59]} 9. O-O-O+ {[%clk 01:30:09]} {[%emt
00:02:13]} Ke8 {[%clk 01:26:21]} {[%emt 00:01:27]} 10. f3 {[%clk 01:27:06]}
{[%emt 00:03:32]} Be6 {[%clk 01:23:20]} {[%emt 00:03:31]} 11. Be2 {[%clk
01:18:56]} {[%emt 00:08:43]} h6 {[%clk 01:22:03]} {[%emt 00:01:44]} 12. Bf4
{[%clk 01:12:49]} {[%emt 00:06:31]} Rc8 {[%clk 01:18:13]} {[%emt 00:04:26]} 13.
Be3 {[%clk 01:05:36]} {[%emt 00:07:40]} a6 {[%clk 01:16:04]} {[%emt 00:02:42]}
14. Kb1 {[%clk 01:02:12]} {[%emt 00:03:52]} Bd6 {[%clk 01:08:21]} {[%emt
00:08:15]} 15. Na4 {[%clk 00:55:48]} {[%emt 00:06:54]} Nd7 {[%clk 01:02:42]}
{[%emt 00:06:09]} 16. f4 {[%clk 00:48:19]} {[%emt 00:07:58]} f6 {[%clk
01:01:25]} {[%emt 00:01:48]} 17. g4 {[%clk 00:40:59]} {[%emt 00:07:50]} g5
{[%clk 01:00:04]} {[%emt 00:01:51]} 18. f5 {[%clk 00:40:02]} {[%emt 00:01:27]}
Bf7 {[%clk 01:00:22]} {[%emt 00:00:12]} 19. h4 {[%clk 00:39:10]} {[%emt
00:01:21]} Ke7 {[%clk 00:59:37]} {[%emt 00:01:16]} 20. Rh3 {[%clk 00:32:32]}
{[%emt 00:07:06]} b5 {[%clk 00:57:09]} {[%emt 00:03:00]} 21. Nc3 {[%clk
00:31:59]} {[%emt 00:00:56]} Nc5 {[%clk 00:49:27]} {[%emt 00:08:19]} 22. Rdh1
{[%clk 00:30:55]} {[%emt 00:01:33]} b4 {[%clk 00:38:42]} {[%emt 00:11:16]} 23.
Bxc5 {[%clk 00:28:59]} {[%emt 00:02:25]} bxc3 {[%clk 00:39:05]} {[%emt
00:00:09]} 24. Bxd6+ {[%clk 00:29:11]} {[%emt 00:00:17]} cxd6 {[%clk 00:39:29]}
{[%emt 00:00:06]} 25. Rxc3 {[%clk 00:29:12]} {[%emt 00:00:29]} a5 {[%clk
00:34:56]} {[%emt 00:05:04]} 26. hxg5 {[%clk 00:28:51]} {[%emt 00:00:50]} fxg5
{[%clk 00:35:11]} {[%emt 00:00:15]} 27. Rch3 {[%clk 00:28:40]} {[%emt
00:00:40]} d5 {[%clk 00:32:11]} {[%emt 00:03:31]} 28. e5 {[%clk 00:27:27]}
{[%emt 00:01:42]} c5 {[%clk 00:30:50]} {[%emt 00:01:52]} 29. Rxh6 {[%clk
00:27:06]} {[%emt 00:00:50]} Rhg8 {[%clk 00:23:04]} {[%emt 00:08:17]} 30. Rh7
{[%clk 00:24:27]} {[%emt 00:03:07]} 1-0